LEADER 01327nam 2200349Ia 450 001 996409038203316 005 20220120111722.0 024 8 $aocn946881457 035 $a(CKB)4940000000597693 035 $a(OCoLC)946881457 035 $a(OCoLC)ocn946881457 035 $a(OCoLC)9930302700971 035 $a(EXLCZ)994940000000597693 100 $a20160418d1695 uy | 101 0 $aeng 135 $aurbn#|||a|bb| 200 10$aElegie on the much to be lamented death of the worthy Umphrey Milne watch-maker, Burgess of the metropolitan city of Scotland who departed this life, November, the 18th 1695$b[electronic resource] 210 $a[Edinburgh $cs.n.$d1695] 215 $a1 sheet ([1] p.) 300 $aCaption title. 300 $aPlace and date of publication suggested by Wing (2nd ed., 1994). 300 $aWith mourning borders. 300 $aReproduction of original in: Signet Library (Great Britain). 608 $aElegies.$2rbgenr 610 6$aPoetry 700 $aDonaldson$b James$0806444 801 0$bUMI 801 1$bUMI 906 $aBOOK 912 $a996409038203316 996 $aElegie on the much to be lamented death of the worthy Umphrey Milne watch-maker, Burgess of the metropolitan city of Scotland who departed this life, November, the 18th 1695$92335946 997 $aUNISA LEADER 04341nam 2200601 450 001 9910787620203321 005 20230803032125.0 010 $a0-309-26820-6 035 $a(CKB)2670000000499681 035 $a(EBL)3379307 035 $a(SSID)ssj0001064985 035 $a(PQKBManifestationID)11612406 035 $a(PQKBTitleCode)TC0001064985 035 $a(PQKBWorkID)11060210 035 $a(PQKB)11140568 035 $a(MiAaPQ)EBC3379307 035 $a(Au-PeEL)EBL3379307 035 $a(CaPaEBR)ebr10863966 035 $a(OCoLC)923290731 035 $a(EXLCZ)992670000000499681 100 $a20131209h20132013 uy| 0 101 0 $aeng 135 $aurcnu|||||||| 181 $ctxt 182 $cc 183 $acr 200 04$aThe science and applications of microbial genomics $eworkshop summary /$fEileen R. Choffnes, LeighAnne Olsen, and Theresa Wizemann, rapporteurs ; Forum on Microbial Threats, Board on Global Health, Institute of Medicine of the National Academies 210 1$aWashington, District of Columbia :$cThe National Academies Press,$d[2013] 210 4$dİ2013 215 $a1 online resource (429 p.) 300 $aDescription based upon print version of record. 311 $a0-309-26819-2 320 $aIncludes bibliographical references. 327 $aWorkshop overview -- Contributed manuscripts -- The microbial forensics pathway for use of massively parallel sequencing technologies -- Microbial virulence as an emergent property: consequences and opportunities -- Microbial genome sequencing to understand pathogen transmission -- Presence of oseltamivir-resistant pandemic A/H1N1 minor variants before drug therapy with subsequent selection and transmission -- Design considerations for home and hospital microbiome studies -- Sequencing errors, diversity estimates, and the rare biosphere -- Phylogeography and molecular epidemiology of Yersinia pestis in Madagascar -- Big data in biology: pitfalls when using shotgun metagenomics to define hypotheses about microbial communities -- High-throughput bacterial genome sequencing: embarrassment of choice, a world of opportunity -- Evidence for several waves of global transmission in the seventh cholera pandemic -- Multi-partner interactions in corals in the face of climate -- Change genomic transition to pathogenicity in chytrid fungi -- Natural and experimental infection of Caenorhabditis nematodes by novel viruses related to nodaviruses -- Genomic approaches to studying the human microbiota -- Sequence analysis of the human virome in febrile and afebrile children. 330 $a"On June 12 and 13, 2012, the Institute of Medicine's (IOM's) Forum on Microbial Threats convened a public workshop in Washington, DC, to discuss the scientific tools and approaches being used for detecting and characterizing microbial species, and the roles of microbial genomics and metagenomics to better understand the culturable and unculturable microbial world around us. Through invited presentations and discussions, participants examined the use of microbial genomics to explore the diversity, evolution, and adaptation of microorganisms in a wide variety of environments; the molecular mechanisms of disease emergence and epidemiology; and the ways that genomic technologies are being applied to disease outbreak trace back and microbial surveillance. Points that were emphasized by many participants included the need to develop robust standardized sampling protocols, the importance of having the appropriate metadata, data analysis and data management challenges, and information sharing in real time. The Science and Applications of Microbial Genomics summarizes this workshop."--Title homepage. 606 $aMetagenomics 606 $aMicrobial genomics 606 $aCommunicable diseases 615 0$aMetagenomics. 615 0$aMicrobial genomics. 615 0$aCommunicable diseases. 676 $a572.8/629 702 $aChoffnes$b Eileen R. 702 $aOlsen$b LeighAnne 702 $aWizemann$b Theresa M. 712 02$aInstitute of Medicine (U.S.).$bForum on Microbial Threats, 801 0$bMiAaPQ 801 1$bMiAaPQ 801 2$bMiAaPQ 906 $aBOOK 912 $a9910787620203321 996 $aThe science and applications of microbial genomics$93703096 997 $aUNINA LEADER 05969nam 22007692 450 001 9910790073603321 005 20151005020621.0 010 $a1-139-06327-8 010 $a1-107-21747-4 010 $a1-283-11883-1 010 $a9786613118837 010 $a1-139-07555-1 010 $a1-139-07781-3 010 $a1-139-06979-9 010 $a1-139-08010-5 010 $a0-511-97454-X 010 $a1-139-08237-X 035 $a(CKB)2670000000088891 035 $a(EBL)691893 035 $a(OCoLC)729166635 035 $a(SSID)ssj0000521525 035 $a(PQKBManifestationID)11336222 035 $a(PQKBTitleCode)TC0000521525 035 $a(PQKBWorkID)10518405 035 $a(PQKB)11683855 035 $a(UkCbUP)CR9780511974540 035 $a(Au-PeEL)EBL691893 035 $a(CaPaEBR)ebr10476536 035 $a(CaONFJC)MIL311883 035 $a(MiAaPQ)EBC691893 035 $a(PPN)261363794 035 $a(EXLCZ)992670000000088891 100 $a20101011d2011|||| uy| 0 101 0 $aeng 135 $aur||||||||||| 181 $ctxt$2rdacontent 182 $cc$2rdamedia 183 $acr$2rdacarrier 200 00$aClimate change, ecology, and systematics /$fedited by Trevor R. Hodkinson [and others]$b[electronic resource] 205 $a1st ed. 210 1$aCambridge :$cCambridge University Press,$d2011. 215 $a1 online resource (xi, 524 pages) $cdigital, PDF file(s) 225 1 $aSystematics Association special volume series 300 $aTitle from publisher's bibliographic system (viewed on 05 Oct 2015). 311 $a0-521-76609-5 320 $aIncludes bibliographical references and index. 327 $aIntroduction. Integrating ecology and systematics in climate change research / T.R. Hodkinson ; Climate modelling and deep-time climate change / R. Caballero and P. Lynch ; The perils of addressing long term challenges in a short-term world : making descriptive taxonomy predictive / R.M. Bateman ; Adaptation, speciation and extinction. Global climate and extinction : evidence from the fossil record / P.J. Mayhew ; Long-term fluctuations in atmospheric CO2 concentration influence plant speciation rates / J.C. McElwain, K.J. Willis and K.J. Niklas ; Wood anatomy and climate change / P. Baas and E.A. Wheeler ; Savanna biome evolution, climate change and the ecological expansion of C4 grasses / Y. Bouchenak-Khelladi and T.R. Hodkinson ; Climate warming results in phenotypic and evolutionary changes in spring events : a mini review / A. Donnelly [and others] ; Terrestrial green algae : systematics, biogeography and expected responses to climate change / F. Rindi -- Biogeography, migration and ecological niche modelling. Biodiversity informatics for climate change studies / A. Culham and C. Yesson ; Climate envelope models in systematics and evolutionary research : theory and practice / D. Rodder [and others] ; Biogeography of cyclamen : an application of phyloclimatic modelling / C. Yesson and A. Culham ; Cenozoic climate changes and the demise of Tethyan laurel forests : lessons for the future from an integrative reconstruction of the past / F. Rodriguez-Sanchez and J. Arroyo ; The impact of climate change on the origin and future of East African rainforest trees / L.W. Chatrou, J.J. Wieringa and T.L.P. Couvreur ; Hybridisation, introgression and climate change : a case study of the tree genus Fraxinus (Oleaceae) / M. Thomasset [and others] -- Conservation. Assessing the effectiveness of a protected area network in the face of climatic change / R. Huntley, D.G. Hole and S.G. Willis ; Documenting plant species in a changing climate : a case study from Arabia / M. Hall and A.G. Miller ; A critical appraisal of the meaning and diagnosability of cryptic evolutionary diversity, and its implications for conservation in the face of climate change / J. Bernardo ; Climate change and Cyperaceae / D.A. Simpson [and others] ; An interdisciplinary review of climate change trends and uncertainties : lichen biodiversity, arctic-alpine ecosystems and habitat loss / C.J. Ellis and R. Yahr ; Climate change and oceanic mountain vegetation : a case study of the montane heath and associated plant communities in western Irish mountains / R.L. Hodd and M.J. Sheehy Skeffington. 330 $aClimate change has shaped life in the past and will continue to do so in the future. Understanding the interactions between climate and biodiversity is a complex challenge to science. With contributions from 60 key researchers, this book examines the ongoing impact of climate change on the ecology and diversity of life on earth. It discusses the latest research within the fields of ecology and systematics, highlighting the increasing integration of their approaches and methods. Topics covered include the influence of climate change on evolutionary and ecological processes such as adaptation, migration, speciation and extinction, and the role of these processes in determining the diversity and biogeographic distribution of species and their populations. This book ultimately illustrates the necessity for global conservation actions to mitigate the effects of climate change in a world that is already undergoing a biodiversity crisis of unprecedented scale. 410 0$aSystematics Association special volume. 517 3 $aClimate Change, Ecology & Systematics 606 $aClimatic changes 606 $aClimatology$xMathematical models 606 $aEcology$xEnvironmental aspects 606 $aBiology$vClassification 615 0$aClimatic changes. 615 0$aClimatology$xMathematical models. 615 0$aEcology$xEnvironmental aspects. 615 0$aBiology 676 $a577.2/2 686 $aSCI042000$2bisacsh 702 $aHodkinson$b Trevor R. 801 0$bUkCbUP 801 1$bUkCbUP 906 $aBOOK 912 $a9910790073603321 996 $aClimate change, ecology, and systematics$93715835 997 $aUNINA LEADER 03234nam 2200625 450 001 9910778977403321 005 20200520144314.0 010 $a0-8131-5876-1 010 $a0-8131-7010-9 035 $a(CKB)111004368603310 035 $a(EBL)1915406 035 $a(SSID)ssj0000102530 035 $a(PQKBManifestationID)12025851 035 $a(PQKBTitleCode)TC0000102530 035 $a(PQKBWorkID)10060487 035 $a(PQKB)10679113 035 $a(OCoLC)47011236 035 $a(MdBmJHUP)muse44183 035 $a(Au-PeEL)EBL1915406 035 $a(CaPaEBR)ebr11009856 035 $a(CaONFJC)MIL691131 035 $a(OCoLC)900344808 035 $a(MiAaPQ)EBC1915406 035 $a(EXLCZ)99111004368603310 100 $a20150203h19961996 uy 0 101 0 $aeng 135 $aurcnu|||||||| 181 $ctxt 182 $cc 183 $acr 200 14$aThe americanization of West Virginia $ecreating a modern industrial state, 1916-1925 /$fJohn C. Hennen 210 1$aLexington, Kentucky :$cThe University Press of Kentucky,$d1996. 210 4$dİ1996 215 $a1 online resource (244 p.) 300 $aDescription based upon print version of record. 311 $a1-322-59849-5 311 $a0-8131-1960-X 320 $aIncludes bibliographical references and index. 327 $aCover; Half-title; Title; Copyright; Dedication; Contents; Acknowledgments; List of Abbreviations; Preface; Introduction; 1 War Propoganda and the Mobilization o Public Opinion in West Virginia, 1916-1918; 2 National and West Virginia Perspectives on Higher Education and the Delivery of War Propoganda; 3 National and State War Bureaucracies and the American Regulatory Consensus; 4 Postwar Strategies for Promoting Industrial Americanization, Antiradicalism, and Habits of Industry; 5 The Political Culture of the Red Scare in West Virginia, 1919-1921 327 $a6 Welfare Capitalism, the American Plan-Open-shop Movement, and the Triumph of Business Unionism 7 Voluntary Associations and Americanization in the 1920's; 8 The Sanctification of Industrial Americanization; Conclusion; Notes; Bibliography; Index 330 $aLocal teachers and ministers extolling the virtues of hard work and loyalty to God and country. Veterans' groups and women's clubs promoting the military fighting radicalism, and equating business and patriotism. Industrial leaders gaining legal as well as moral influence over national domestic policy. Such scenes might seem to be lifted from a Sinclair Lewis novel or a Contract with America publicity video. But as John C. Hennen shows in this piercing analysis of early-twentieth-century American political culture, from 1916 to 1925 ""Americanization"" became the theme -- indeed, the script -- 606 $aWorld War, 1914-1918$zWest Virginia 606 $aAmericanization 607 $aWest Virginia$xHistory$yTo 1950 615 0$aWorld War, 1914-1918 615 0$aAmericanization. 676 $a975.4/042 700 $aHennen$b John$f1951-$01574988 801 0$bMiAaPQ 801 1$bMiAaPQ 801 2$bMiAaPQ 906 $aBOOK 912 $a9910778977403321 996 $aThe americanization of West Virginia$93851637 997 $aUNINA